00719 2200205 4500001002100000005001500021035002000036245006800056250001000124300003200134260004100166082001100207084001500218020002200233008004100255520016800296650001500464990001700479990001700496INLIS00000000000003320210201091006 a0010-0221000006 aPhotoshop Project :bUbah Fotomu Dengan Style Vintage dan Retro acet.1 a140hal. :bilus. ;c14x21cm aYogyakarta :bCV. ANDI OFFSET,c2015 a005.26 a005.26 PHO a978-979-29-4792-2210201 0  aBuku Photoshop Project : Ubah Fotomu dengan Style Vintage dan Retro ini akan membantu Anda untuk memberikan efek vintage dan retro menggunakan Adobe Photoshop CS6. 4aPendidikan a002201900030 a002201900031